000
00292 a2200121 4500
000
nam a22 7a 4500
005
20260312101929.0
100
_a
Moore, Elaine A
_9
898922
245
_a
Solid state chemistry: An introduction
250
_a
6th
260
_b
CRC Press
_c
2025
942
_c
AUD
999
_c
1715171
_d
1715171